Statistics for Capitals of German-Speaking Countries

Click here to take the quiz!

General Stats

  • This quiz has been taken 130 times
  • The average score is 5 of 6

Answer Stats

CountryCapital% Correct
GermanyBerlin
96%
AustriaVienna
93%
BelgiumBrussels
79%
SwitzerlandBern
78%
LiechtensteinVaduz
74%
LuxembourgLuxembourg
68%

Score Distribution

Percentile by Number Answered

Percent of People with Each Score

Your Score History

You have not taken this quiz